000 01014nam a22003257a 4500
001 BR2010005160
003 BR-BrBNA
005 20230928103418.0
007 ta
008 230509b bl.||||| |||| 00| 0 por d
040 _aBR-BrBNA
_bpor
_cBiblioteca Nacional de Agricultura
041 _a(Por)
072 _aL70
_b2790
_b8830
090 _ 2790 BR2010005160
100 1 _aRocha, D.A.
110 1 _aUniversidade Federal de Lavras, MG (Brasil)
_0Tese (Doutorado)
245 1 _aAvaliação do efeito hipoglicemiante e hipocolesterolêmico do polvilho da fruta-de-lobo (Solanum lycocarpum St. Hil.)
260 3 _aLavras, MG (Brasil):
_c2010.
300 _a90 p.
500 _aSummaries (Eng, Por); Several bibliography; 9 tables; 16 illus.
650 _aFRUTA-DE-LOBO
650 _aSOLANUM LYCOCARPUM
650 _aPOLVILHO
650 _aCOMPOSIÇÃO QUÍMICA
650 _aRATO
650 _aANIMAL DE LABORATÓRIO
650 _aDIABETE
909 _a202309
_bLucia
_c55
_dLucia Elande
942 _cBK
999 _c74999
_d74999